La Organización de Estados Americanos: su estructura actual /
De acuerdo con dos criterios: 1- el condicionamiento histórico y político de todo documento internacional y 2- el análisis ideológico-hermenéutico del mismo, se examina la estructura jurídico-política de la Organización de Estados Americanos (OEA). Se le critica la incapacidad de cumplir con sus obj...
Tallennettuna:
| Päätekijä: | |
|---|---|
| Aineistotyyppi: | Teksti |
| Aiheet: | |
| Tagit: |
Lisää tagi
Ei tageja, Lisää ensimmäinen tagi!
|
MARC
| LEADER | 00000 a a2200000 04500 | ||
|---|---|---|---|
| 001 | 15042 | ||
| 003 | |||
| 040 | |||
| 100 | |a Rodríguez Zamora, José Miguel | ||
| 245 | |a La Organización de Estados Americanos: |b su estructura actual / |c José Miguel Rodríguez Zamora | ||
| 520 | |a De acuerdo con dos criterios: 1- el condicionamiento histórico y político de todo documento internacional y 2- el análisis ideológico-hermenéutico del mismo, se examina la estructura jurídico-política de la Organización de Estados Americanos (OEA). Se le critica la incapacidad de cumplir con sus objetivos fundamentales, su dependencia funcional y política de Estados Unidos, su limitación en el campo económico, jurídico, tecnológico, entre otros problemas que enfrenta. Además se le recrimina la impotencia frente a las continuas violaciones de los derechos humanos. El surgimiento de otros organismos hispanoamericanos, a nivel del Caribe, del norte o del sur, no son sino muestras objetivas de su incapacidad. Pero pese a estas y muchas otras críticas que se le hacen al organismo, al final subsiste una imagen optimista sobre las posibilidades de la OEA. Con sus problemas y las crisis, persiste la necesidad de reformar la Organización de Estados Americanos y no de eliminarla, sino el ponerla a la altura de las necesidades y expectativas de los Estados de la región. Así la OEA, podría cumplir nuevamente y con renovados bríos, los objetivos que inspiraron la Carta de Bogotá y que están presentes en el Protocolo de Cartagena. OB/LOB | ||
| 650 | |a OEA | ||
| 650 | |a ORGANIZACIONES INTERNACIONALES | ||
| 650 | |a RELACIONES INTERNACIONALES | ||
| 650 | |a PAISES EN DESARROLLO | ||
| 650 | |a ASPECTOS JURIDICOS | ||
| 650 | |a ASPECTOS POLITICOS | ||
| 650 | |a DERECHOS HUMANOS | ||
| 650 | |a VIOLENCIA | ||
| 650 | |a PUB.IIS | ||
| 773 | |g número 66; páginas 55-68 | ||
| 999 | |c 27197 |d 27197 | ||
| 773 | 0 | |0 18728 |9 3067 |a Universidad de Costa Rica |d San José, Costa Rica Editorial UCR 1956- |o 04552 |t Revista de Ciencias Sociales/ |x 04825276 | |
